000 00652nam a22002537a 4500
001 BR7805911
003 BR-BrBNA
005 20230928085726.0
007 ta
008 230509b bl.||||| |||| 00| 0 por d
040 _aBR-BrBNA
_bpor
_cBiblioteca Nacional de Agricultura
041 _a(Por)
072 _aP00
_b/G514
090 _ P00 BR7805911
100 1 _aBarros Junior, F. de
245 1 _aCacando e pescando por todo o Brasil
260 3 _aSao Paulo, SP (Brasil):
_bTrofeu,
_c[nd].
300 _av. 1-2
500 _aPublished after 1978
650 _aCACA
650 _aPESCA
909 _a202309
_bLucia
_c55
_dLucia Elande
942 _cBK
999 _c25994
_d25994